000 00326nam a2200109Ia 4500
008 180205s9999 xx 000 0 und d
020 _a9789814687331
100 _aSexton, Robert L.
245 _cGreene, Cynthia L.
_aEconomics and entrepreneurship /
260 _aQuezon City
_bC & E publishing
_c2015
300 _aiii, 399 pages
999 _c354918
_d354918